[Event "Chioggia op-B 13th"]
[Site "Chioggia"]
[Date "2018.09.29"]
[Round "2"]
[White "Giraldi, Edoardo"]
[Black "Posar, Maurizio"]
[Result "1-0"]
[WhiteElo "1609"]
[BlackElo "1436"]
[PlyCount "69"]
[EventDate "2018.09.28"]
[EventType "swiss"]
[EventRounds "5"]
[EventCountry "ITA"]
[SourceTitle "EXT 2022"]
[Source "ChessBase"]
[SourceDate "2021.10.06"]
[SourceVersion "1"]
[SourceVersionDate "2021.10.06"]
[SourceQuality "1"]

1. e4 c5 2. Nf3 d6 3. d4 cxd4 4. Nxd4 a6 5. Nc3 g6 6. Be3 Bg7 7. Bc4 Nf6 8. f3 0-0 9. Qd2 Re8 10. 0-0-0 Nbd7 11. g4 Ne5 12. Bb3 b5 13. h4 Nc4 14. Bxc4 bxc4 15. h5 e5 16. Nde2 Re7 17. hxg6 fxg6 18. Qxd6 Rd7 19. Qxe5 Nxg4 20. Qf4 Nxe3 21. Qxe3 Rb8 22. Rxd7 Qxd7 23. Qc5 Qf7 24. Qd5 Be6 25. Qd6 Ra8 26. Qh2 h5 27. f4 Bg4 28. Rf1 Rb8 29. Qf2 Rxb2 30. Kxb2 Bxe2 31. Qxe2 Qb7+ 32. Kc1 Bxc3 33. Qxc4+ Kg7 34. Qxc3+ Kh6 35. Qh8+ 1-0